01057nam a2200265 a 450000100100000000500170001000800410002702000150006804000130008308200190009610000250011524500770014026000550021730000280027250000210030050000550032165000520037665000410042865000400046965100630050965100730057204900090064595201220065499900150077600000463920200929151456.0090724s2004 xxua 001 0 spa d a0292702310 aDO-SdBNP a780.972bP371m1 aPedelty, Mark91352310aMusical ritual in Mexico City :bfrom de Aztec to nafta /cMark Pedelty. aAustin, Texas :bUniversity of Texas Press,c2004. a340 p. :bil. ;c24 cm. aIncluye índice aIncluye referencias bibliográficas ( p. 321-333) 4aMúsicazMéxicoxHistoria y crítica913524 4aMúsicaxAspectos religiosos913525 4aRitos y cereminiaszMéxico913526 4aCiudad De México (México{Rpara}xCivilización913527 4aCiudad De México (México{Rpara}xVida Social Y Costumbres913528 aBNPD 001052708MOaGRbGRcCTd2009-07-24iLF1l0o780.972 P371mp4639-10r2020-06-25w2020-06-25y2ZPréstamo interno c4446d4446